Posing Questions without Asking
| Titel: | Posing Questions without Asking : The Use of Rhetorical Questions in the Polish Parliamentary Discourse / Bartholomäus Nowak |
|---|---|
| Verfasser: | |
| In: |
Zeitschrift für Slawistik, Band 61, Heft 1 (2016), Seite 57-73 alle Artikel anzeigen |
| Veröffentlicht: | 2016 |
| Format: | Aufsatz |
| Sprache: | Englisch |
X
alg: 42656187 001A $03025:20-02-18 001B $06050:24-06-21 $t10:06:06.000 001C $03025:20-02-18 $t16:19:41.000 001D $03025:20-02-18 001U $0utf8 001X $00 002@ $0Oou 002C $aText $btxt $2rdacontent 002D $aComputermedien $bc $2rdamedia 002E $aOnline-Ressource $bcr $2rdacarrier 003@ $0426561872 004P $010.1515/slaw-2016-0004 007A $0426561872 $aHEB 010@ $aeng 010E $erda 011@ $a2016 021A $aPosing Questions without Asking $dThe Use of Rhetorical Questions in the Polish Parliamentary Discourse $hBartholomäus Nowak 028A $BVerfasser $4aut $7142371866 $8Nowak, Bartholomäus$Z1972- [Tp3] $9227340752 031A $d61 $e1 $h57-73 $j2016 037A $aEnglische Zusammenfassung, Seite 57 039B $aEnthalten in $8--Obvc--. Zeitschrift für Slawistik. - Berlin : De Gruyter, 1956-. - Online-Ressource. - ISSN 2196-7016 $x201600000610001943 $9201613530 044K $RKongresspolen $RWestgalizien $#Generalgouvernement Polen $#Polska $#Rzeczpospolita Polska $#Polska Rzeczpospolita Ludowa $#Poland $#Pologne $#République Polonaise $#Generalne Gubernatorstwo w Polsce $#Polish People's Republic $#Polska Rzeczpospolita Polen $#PRL $#RP $#Polen Generalgouvernement $#Polska Generalgouvernement $#Besetzte Polnische Gebiete $#Besetztes Gebiet in Polen $#Okupowane Polskie Obszary $#Obszary Okupowane w Polsce $#Volksrepublik Polen $#Polska Rosyjska $#Republic Polen $#Respublika Pol'ša $#Pol'skaja Narodnaja Respublika $#République de Pologne $#Polen Links der Weichsel $#Polska po Lewej Stronie Wisły $#Lenkija $#Polija $#Gubernija Carstva Pol'skago $#Republik Polen $74046496-9 $8Polen [Tg1] $9085129801 044K $#Legislative bodies $#Parlement $#Parlamenti $#Parlamentos $#Parlament $#Parlament $#Parlamentsarbeit $#Volksvertretung $#Reichstag Parlament $#Parlamente $74044685-2 $8Parlament [Ts1] $9085125512 044K $RPolitisches System $#Political culture $#Culture politique $#Cultura politica $#Cultura política $#Politische Kultur $#politische Kultur $74046540-8 $8Politische Kultur [Ts1] $9085129917 044K $RSprache $#Rhetoric Political aspects $#Langage politique $#Retórica Aspectos políticos $#Politik Sprache $#Politsprache $#Sprache Politik $#Politik Fachsprache $#Politischer Begriff $#Begriff Politik $74046559-7 $8Politische Sprache [Ts1] $9085129941 044K $RFrage $#Rhetorische Fragen $74122332-9 $8Rhetorische Frage [Ts1] $9085400009 045R $aGeschichte 1989-2010 045T $a7,41 045T $aSLAW $qDE-1a $2FID lok: 42656187 78 exp: 42656187 78 1 #EPN 201B/01 $020-02-18 $t16:17:37.000 201C/01 $020-02-18 201U/01 $0utf8 203@/01 $01018353712 208@/01 $a20-02-18 $be 209A/01 $a/ $f000 $x00 209A/01 $ab*p $x01 220C/01 $apgar 244Z/01 $#Generalgouvernement Polen $#Polska $#Rzeczpospolita Polska $#Polska Rzeczpospolita Ludowa $#Poland $#Pologne $#République Polonaise $#Generalne Gubernatorstwo w Polsce $#Polish People's Republic $#Polska Rzeczpospolita Polen $#PRL $#RP $#Polen Generalgouvernement $#Polska Generalgouvernement $#Besetzte Polnische Gebiete $#Besetztes Gebiet in Polen $#Okupowane Polskie Obszary $#Obszary Okupowane w Polsce $#Volksrepublik Polen $#Polska Rosyjska $#Republic Polen $#Respublika Pol'ša $#Pol'skaja Narodnaja Respublika $#République de Pologne $#Polen Links der Weichsel $#Polska po Lewej Stronie Wisły $#Lenkija $#Polija $#Gubernija Carstva Pol'skago $#Republik Polen $74046496-9 $8--Tg1--Polen $x01 $9085129801 247C/01 $82080>Marburg/Lahn, Herder-Institut, Forschungsbibliothek, Bibliographieportal $9336309341
| LEADER | 00000caa a2200000 c 4500 | ||
|---|---|---|---|
| 001 | 426561872 | ||
| 003 | DE-603 | ||
| 005 | 20210624100606.0 | ||
| 007 | cr|||||||||||| | ||
| 008 | 180220s2016 xx |||| o| u00||u|eng c | ||
| 024 | 7 | |a 10.1515/slaw-2016-0004 |2 doi | |
| 035 | |a (DE-599)HEB426561872 | ||
| 040 | |a DE-603 |b ger |c DE-603 |d DE-603 |e rda | ||
| 041 | |a eng | ||
| 084 | |a 7,41 |2 ssgn | ||
| 084 | |a SLAW |q DE-1a |2 fid | ||
| 100 | 1 | |a Nowak, Bartholomäus |d 1972- |e Verfasser |4 aut |0 (DE-603)227340752 |0 (DE-588)142371866 |2 gnd | |
| 245 | 0 | 0 | |a Posing Questions without Asking |b The Use of Rhetorical Questions in the Polish Parliamentary Discourse |c Bartholomäus Nowak |
| 264 | 0 | |c 2016 | |
| 336 | |a Text |b txt |2 rdacontent | ||
| 337 | |a Computermedien |b c |2 rdamedia | ||
| 338 | |a Online-Ressource |b cr |2 rdacarrier | ||
| 500 | |a Englische Zusammenfassung, Seite 57 | ||
| 648 | 7 | |a Geschichte 1989-2010 |2 gnd | |
| 650 | 7 | |a Parlament |0 (DE-588)4044685-2 |0 (DE-603)085125512 |2 gnd | |
| 650 | 7 | |a Politische Kultur |0 (DE-588)4046540-8 |0 (DE-603)085129917 |2 gnd | |
| 650 | 7 | |a Politische Sprache |0 (DE-588)4046559-7 |0 (DE-603)085129941 |2 gnd | |
| 650 | 7 | |a Rhetorische Frage |0 (DE-588)4122332-9 |0 (DE-603)085400009 |2 gnd | |
| 651 | 7 | |a Polen |0 (DE-588)4046496-9 |0 (DE-603)085129801 |2 gnd | |
| 773 | 0 | 8 | |i Enthalten in |t Zeitschrift für Slawistik |d Berlin : De Gruyter, 1956- |h Online-Ressource |x 2196-7016 |g Band 61, Heft 1 (2016), Seite 57-73 |w (DE-603)201613530 |w (DE-600)2434774-7 |
| 924 | 1 | |9 2080 |a (DE-603)1018353712 |b DE-2080 |c HES |d d |g / | |


